[Event "Killer Training op"]
[Site "Copenhagen DEN"]
[Date "2023.10.19"]
[Round "6.4"]
[White "Golubka, Petro"]
[Black "Loftgaard, Mikkel Vinh"]
[Result "0-1"]
[WhiteElo "2434"]
[BlackElo "2151"]
[WhiteFideId "-1"]
[BlackFideId "-1"]
[PlyCount "60"]
[GameId "2130307552812899"]
[EventDate "2023.10.14"]
[EventType "swiss"]
[EventRounds "9"]
[EventCountry "DEN"]
[SourceTitle "10 Days #739"]
[Source "ChessMix"]
[SourceDate "2023.11.01"]
[SourceVersion "1"]
[SourceVersionDate "2023.11.01"]
[SourceQuality "1"]

1. d4 Nf6 2. c4 e6 3. Nc3 Bb4 4. Qc2 O-O 5. a3 Bxc3+ 6. Qxc3 d5 7. Bg5 h6 8. Bxf6 Qxf6 9. Nf3 c6 10. h4 Nd7 11. g4 Qe7 12. g5 h5 13. e3 g6 14. O-O-O a5 15. Kb1 dxc4 16. Qxc4 b5 17. Qxc6 Rb8 18. Bxb5 Rb6 19. Qc4 Bb7 20. Rh3 Rb8 21. a4 Ba6 22. Ne1 Bxb5 23. axb5 Rxb5 24. Rd2 Rb4 25. Qc7 R4b7 26. Qxa5 Nb6 27. Nd3 Nc4 28. Qc3 Nxd2+ 29. Qxd2 Qa3 30. Rg3 Ra7 0-1

[Event "Killer Training op"]
[Site "Copenhagen DEN"]
[Date "2023.10.20"]
[Round "7.6"]
[White "Halmeenmaki, Tuomo"]
[Black "Golubka, Petro"]
[Result "0-1"]
[WhiteElo "2067"]
[BlackElo "2434"]
[WhiteFideId "-1"]
[BlackFideId "-1"]
[PlyCount "66"]
[GameId "2130307552812913"]
[EventDate "2023.10.14"]
[EventType "swiss"]
[EventRounds "9"]
[EventCountry "DEN"]
[SourceTitle "10 Days #739"]
[Source "ChessMix"]
[SourceDate "2023.11.01"]
[SourceVersion "1"]
[SourceVersionDate "2023.11.01"]
[SourceQuality "1"]

1. d4 Nf6 2. c4 e6 3. Nf3 b6 4. a3 Ba6 5. Qc2 c5 6. d5 exd5 7. cxd5 g6 8. Nc3 d6 9. Bf4 Bg7 10. e4 Bxf1 11. Rxf1 O-O 12. O-O-O Nh5 13. Bg5 Qd7 14. Rfe1 b5 15. e5 dxe5 16. d6 Nc6 17. Be7 Nxe7 18. dxe7 Qxe7 19. Nd5 Qd6 20. g4 Nf4 21. Nxf4 Qf6 22. Nd5 Qxf3 23. g5 c4 24. h4 Rad8 25. Re3 Qg4 26. Rg3 Qe6 27. Qe4 Rd6 28. h5 Rfd8 29. Nc3 a5 30. hxg6 hxg6 31. Rh1 b4 32. Nb5 Rd2 33. Kb1 c3 0-1

[Event "Killer Training op"]
[Site "Copenhagen DEN"]
[Date "2023.10.21"]
[Round "8.4"]
[White "Golubka, Petro"]
[Black "Hacker, Jonas"]
[Result "0-1"]
[WhiteElo "2434"]
[BlackElo "2400"]
[WhiteFideId "-1"]
[BlackFideId "-1"]
[PlyCount "66"]
[GameId "2130307552812923"]
[EventDate "2023.10.14"]
[EventType "swiss"]
[EventRounds "9"]
[EventCountry "DEN"]
[SourceTitle "10 Days #739"]
[Source "ChessMix"]
[SourceDate "2023.11.01"]
[SourceVersion "1"]
[SourceVersionDate "2023.11.01"]
[SourceQuality "1"]

1. d4 Nf6 2. c4 e6 3. Nc3 Bb4 4. f3 c5 5. d5 b5 6. e4 d6 7. Bd2 a6 8. Nge2 bxc4 9. Nf4 e5 10. Nfe2 Nbd7 11. h4 Nb6 12. g4 h5 13. g5 Nfd7 14. Ng3 g6 15. Qc2 Qe7 16. O-O-O a5 17. Be2 Ba6 18. Kb1 Bxc3 19. bxc3 Bb5 20. Qc1 Ba4 21. Rdf1 O-O 22. Ka1 Nb8 23. Rhg1 Na6 24. Bd1 Nb4 25. Bxa4 Nxa4 26. Qd1 Qd7 27. f4 exf4 28. Nxh5 gxh5 29. g6 f5 30. Rg5 Rfb8 31. a3 Nc2+ 32. Qxc2 Rb2 33. Qc1 Qb5 0-1

[Event "Killer Training op"]
[Site "Copenhagen DEN"]
[Date "2023.10.22"]
[Round "9.7"]
[White "Zheng, Harry Z"]
[Black "Golubka, Petro"]
[Result "1/2-1/2"]
[WhiteElo "2141"]
[BlackElo "2434"]
[WhiteFideId "-1"]
[BlackFideId "-1"]
[PlyCount "67"]
[GameId "2130307552812938"]
[EventDate "2023.10.14"]
[EventType "swiss"]
[EventRounds "9"]
[EventCountry "DEN"]
[SourceTitle "10 Days #739"]
[Source "ChessMix"]
[SourceDate "2023.11.01"]
[SourceVersion "1"]
[SourceVersionDate "2023.11.01"]
[SourceQuality "1"]

1. e4 c5 2. Nf3 d6 3. d4 cxd4 4. Nxd4 Nf6 5. Nc3 Nc6 6. Bg5 e6 7. Qd2 a6 8. O-O-O h6 9. Be3 Bd7 10. f4 b5 11. Bd3 Rc8 12. Kb1 Be7 13. h3 Qc7 14. g4 Nxd4 15. Bxd4 e5 16. Be3 exf4 17. Bxf4 Be6 18. Ne2 Nd7 19. Nd4 Ne5 20. Nf5 Bxf5 21. exf5 Bh4 22. g5 hxg5 23. Bxg5 Bxg5 24. Qxg5 f6 25. Qg2 Nxd3 26. Rxd3 O-O 27. Rg1 Rf7 28. Rg3 Re8 29. Qd5 Kf8 30. c3 Qd7 31. Rd3 Kg8 32. Rdg3 Kf8 33. Rd3 Kg8 34. Rdg3 1/2-1/2

[Event "Goeteborg SWE, Kvibergspelen Open 2023"]
[Site "Goeteborg SWE"]
[Date "2023.09.16"]
[Round "5.2"]
[White "Seo, Jung Min"]
[Black "Golubka, Petro"]
[Result "1/2-1/2"]
[WhiteElo "2462"]
[BlackElo "2439"]
[WhiteFideId "-1"]
[BlackFideId "-1"]
[PlyCount "94"]
[GameId "2130307554173492"]
[EventDate "2023.09.15"]
[EventType "swiss"]
[EventRounds "8"]
[EventCountry "SWE"]
[SourceTitle "10 Days #735"]
[Source "ChessMix "]
[SourceDate "2023.09.20"]
[SourceVersion "1"]
[SourceVersionDate "2023.09.20"]
[SourceQuality "1"]

1. d4 d5 2. c4 e6 3. Nf3 a6 4. cxd5 exd5 5. Nc3 Nf6 6. Bg5 Be6 7. e3 Nbd7 8. Bd3 Bd6 9. h3 c6 10. Bf4 Qb8 11. Bxd6 Qxd6 12. Qc2 g6 13. O-O O-O 14. Rac1 Rfc8 15. Rfd1 Qe7 16. a3 Ne8 17. Na4 Nef6 18. b4 a5 19. Nc5 axb4 20. axb4 b6 21. Nxd7 Nxd7 22. Qd2 c5 23. dxc5 bxc5 24. bxc5 Nxc5 25. Nd4 Qg5 26. Nxe6 Nxe6 27. Rxc8+ Rxc8 28. Bf1 Rc5 29. g3 d4 30. exd4 Qxd2 31. Rxd2 Rd5 32. Kg2 Rxd4 33. Rxd4 Nxd4 34. h4 h6 35. Bd3 f5 36. f4 Kg7 37. Kf2 Kf6 38. Ke3 Ne6 39. Be2 g5 40. hxg5+ hxg5 41. fxg5+ Kxg5 42. Bc4 f4+ 43. gxf4+ Nxf4 44. Kd2 Nd3 45. Be6 Kf6 46. Bf5 Kxf5 47. Kxd3 Ke5 1/2-1/2

[Event "Katowice POL, 10th POL-HUN Rapid"]
[Site "Katowice POL"]
[Date "2023.09.09"]
[Round "1.22"]
[White "Golubka, Petro"]
[Black "Kordowski, Karol"]
[Result "1-0"]
[WhiteElo "2439"]
[BlackElo "1375"]
[WhiteFideId "-1"]
[BlackFideId "-1"]
[PlyCount "120"]
[GameId "2130307554361970"]
[EventDate "2023.09.09"]
[EventType "swiss (rapid)"]
[EventRounds "9"]
[EventCountry "POL"]
[SourceTitle "10 Days #735"]
[Source "ChessMix "]
[SourceDate "2023.09.20"]
[SourceVersion "1"]
[SourceVersionDate "2023.09.20"]
[SourceQuality "1"]

1. e4 c5 2. Nf3 d6 3. d4 cxd4 4. Nxd4 Nf6 5. Nc3 g6 6. Be3 Bg7 7. f3 O-O 8. Qd2 Nc6 9. O-O-O d5 10. Nxc6 bxc6 11. Bc4 Rb8 12. Bb3 Qc7 13. exd5 cxd5 14. Nxd5 Nxd5 15. Qxd5 Bf5 16. Qc5 Qxc5 17. Bxc5 Rfc8 18. g4 Bxc2 19. Kxc2 Rxc5+ 20. Kb1 a5 21. Rd2 Rcb5 22. Rhd1 Be5 23. Re2 a4 24. Rd5 axb3 25. Rdxe5 bxa2+ 26. Kxa2 Rxe5 27. Rxe5 Rb7 28. b3 f6 29. Re2 e5 30. Ka3 Kf7 31. b4 Ke6 32. Kb3 f5 33. g5 Rd7 34. Rc2 Rd3+ 35. Rc3 Rd2 36. h4 Rd4 37. b5 e4 38. fxe4 fxe4 39. Rc4 Rd3+ 40. Kc2 Kd5 41. Rc7 Rf3 42. b6 Rf8 43. b7 Rb8 44. Rxh7 Kd4 45. Kd2 e3+ 46. Ke2 Ke4 47. Rf7 Rd8 48. Re7+ Kf4 49. Rxe3 Rb8 50. Re7 Kg4 51. Rh7 Rd8 52. Ke3 Kf5 53. Rd7 Rb8 54. Kd4 Kg4 55. Rh7 Kf5 56. Kc5 Ke6 57. Kc6 Rd8 58. Kc7 Rd4 59. b8=Q Rc4+ 60. Kd8 Kd5 1-0

[Event "Katowice POL, 10th POL-HUN Rapid"]
[Site "Katowice POL"]
[Date "2023.09.09"]
[Round "2.22"]
[White "Zieba, Hubert"]
[Black "Golubka, Petro"]
[Result "1/2-1/2"]
[WhiteElo "1805"]
[BlackElo "2439"]
[WhiteFideId "-1"]
[BlackFideId "-1"]
[PlyCount "134"]
[GameId "2130307554366111"]
[EventDate "2023.09.09"]
[EventType "swiss (rapid)"]
[EventRounds "9"]
[EventCountry "POL"]
[SourceTitle "10 Days #735"]
[Source "ChessMix "]
[SourceDate "2023.09.20"]
[SourceVersion "1"]
[SourceVersionDate "2023.09.20"]
[SourceQuality "1"]

1. Nf3 e6 2. g3 g5 3. d4 g4 4. Ne5 h5 5. h3 d6 6. Nd3 Bg7 7. hxg4 hxg4 8. Rxh8 Bxh8 9. e4 Bxd4 10. c3 Bg7 11. Qxg4 Kf8 12. Bg5 Bf6 13. Be3 e5 14. Qh5 Nc6 15. Nd2 Bg7 16. Be2 Qf6 17. O-O-O Qg6 18. Qxg6 fxg6 19. f4 Nf6 20. fxe5 dxe5 21. Rf1 Bh3 22. Rf2 Ke8 23. Nc5 Bc8 24. Bb5 Ng4 25. Rf3 Nxe3 26. Rxe3 Bf8 27. b4 a5 28. Kb2 axb4 29. cxb4 Bxc5 30. bxc5 Be6 31. Bxc6+ bxc6 32. Ra3 Rb8+ 33. Kc3 Rb5 34. Nb3 Bxb3 35. axb3 Rxc5+ 36. Kd3 Rc1 37. Ra5 c5 38. Kd2 Rg1 39. Rxc5 Rg2+ 40. Kd1 Rxg3 41. Rxc7 Re3 42. Rg7 Rg3 43. Rb7 Re3 44. Rg7 Rxb3 45. Rxg6 Kf7 46. Rg4 Rb2 47. Ke1 Ke6 48. Rg6+ Kd7 49. Kd1 Rb4 50. Kd2 Rxe4 51. Kd3 Rd4+ 52. Ke3 Rd6 53. Rxd6+ Kxd6 54. Ke4 Ke6 55. Ke3 Kd5 56. Kd3 e4+ 57. Ke3 Ke5 58. Ke2 Kd4 59. Kd2 e3+ 60. Ke2 Ke4 61. Ke1 Kd5 62. Ke2 Kd4 63. Ke1 Ke4 64. Ke2 Kf4 65. Ke1 Kf3 66. Kf1 e2+ 67. Ke1 Ke3 1/2-1/2

[Event "Katowice POL, 10th POL-HUN Rapid"]
[Site "Katowice POL"]
[Date "2023.09.09"]
[Round "3.37"]
[White "Golubka, Petro"]
[Black "Szydlowska, Marta"]
[Result "1-0"]
[WhiteElo "2439"]
[BlackElo "1960"]
[WhiteFideId "-1"]
[BlackFideId "-1"]
[PlyCount "47"]
[GameId "2130307554366171"]
[EventDate "2023.09.09"]
[EventType "swiss (rapid)"]
[EventRounds "9"]
[EventCountry "POL"]
[SourceTitle "10 Days #735"]
[Source "ChessMix "]
[SourceDate "2023.09.20"]
[SourceVersion "1"]
[SourceVersionDate "2023.09.20"]
[SourceQuality "1"]

1. e4 d5 2. exd5 Qxd5 3. Nc3 Qd6 4. Nb5 Qb6 5. a4 c6 6. a5 Qd8 7. Nc3 Nf6 8. d4 Bg4 9. Be2 Bxe2 10. Qxe2 Qxd4 11. Nf3 Qg4 12. O-O e6 13. a6 b6 14. Bg5 Bd6 15. Rfd1 Bc7 16. Bxf6 gxf6 17. Ra4 Qh5 18. Ne4 Bxh2+ 19. Kf1 Be5 20. Qd3 O-O 21. g4 Qh3+ 22. Ke2 Qh6 23. g5 Qg6 24. gxf6 1-0

[Event "Katowice POL, 10th POL-HUN Rapid"]
[Site "Katowice POL"]
[Date "2023.09.09"]
[Round "4.18"]
[White "Redzisz, Michal"]
[Black "Golubka, Petro"]
[Result "0-1"]
[WhiteElo "2228"]
[BlackElo "2439"]
[WhiteFideId "-1"]
[BlackFideId "-1"]
[PlyCount "74"]
[GameId "2130307554370293"]
[EventDate "2023.09.09"]
[EventType "swiss (rapid)"]
[EventRounds "9"]
[EventCountry "POL"]
[SourceTitle "10 Days #735"]
[Source "ChessMix "]
[SourceDate "2023.09.20"]
[SourceVersion "1"]
[SourceVersionDate "2023.09.20"]
[SourceQuality "1"]

1. d4 Nf6 2. c4 g6 3. g3 c5 4. dxc5 Na6 5. Bg2 Nxc5 6. Nc3 Bg7 7. Nh3 O-O 8. O-O Ne6 9. Nf4 Nc7 10. Qc2 d6 11. Rd1 Bf5 12. e4 Bg4 13. f3 Bd7 14. Be3 b6 15. a4 Qb8 16. b4 Rc8 17. Rac1 e5 18. Nfe2 Ne6 19. Qb3 a5 20. Nd5 Nxd5 21. cxd5 Nd4 22. Rxc8+ Qxc8 23. Nxd4 exd4 24. Bxd4 Bxd4+ 25. Rxd4 axb4 26. Rc4 Qa6 27. Bf1 b5 28. axb5 Bxb5 29. Rc1 Qa7+ 30. Kh1 Qf2 31. Bg2 Ra2 32. Rg1 Bf1 33. Qxa2 Qxa2 34. Bxf1 Qf2 35. Bg2 b3 36. e5 b2 37. exd6 Qxg1+ 0-1

[Event "Katowice POL, 10th POL-HUN Rapid"]
[Site "Katowice POL"]
[Date "2023.09.10"]
[Round "6.2"]
[White "Navara, David"]
[Black "Golubka, Petro"]
[Result "1-0"]
[WhiteElo "2688"]
[BlackElo "2439"]
[WhiteFideId "-1"]
[BlackFideId "-1"]
[PlyCount "73"]
[GameId "2130307554370367"]
[EventDate "2023.09.09"]
[EventType "swiss (rapid)"]
[EventRounds "9"]
[EventCountry "POL"]
[SourceTitle "10 Days #735"]
[Source "ChessMix "]
[SourceDate "2023.09.20"]
[SourceVersion "1"]
[SourceVersionDate "2023.09.20"]
[SourceQuality "1"]

1. e4 c5 2. Nf3 e6 3. b3 b6 4. Bb2 Bb7 5. Nc3 Nc6 6. d4 cxd4 7. Nxd4 Nf6 8. Nxc6 Bxc6 9. f3 b5 10. Qd2 Qb6 11. a4 bxa4 12. Nxa4 Qc7 13. Bd3 Bd6 14. Qg5 Be7 15. Qg3 Qa5+ 16. Bc3 Bb4 17. Bxb4 Qxb4+ 18. c3 Qxb3 19. Kd2 Qb8 20. e5 Nh5 21. Qg5 g6 22. g4 h6 23. Qe3 Ng7 24. Rab1 Qc7 25. Nb2 Bd5 26. Rhf1 O-O 27. h4 Rac8 28. c4 Bc6 29. h5 Qa5+ 30. Ke2 g5 31. f4 Qd8 32. fxg5 Qxg5 33. Rf6 d6 34. Rxh6 Qxe5 35. Bh7+ Kh8 36. Be4+ Kg8 37. Rh8+ 1-0

[Event "Katowice POL, 10th POL-HUN Rapid"]
[Site "Katowice POL"]
[Date "2023.09.10"]
[Round "8.15"]
[White "Shilov, Sergey A"]
[Black "Golubka, Petro"]
[Result "1/2-1/2"]
[WhiteElo "2134"]
[BlackElo "2439"]
[WhiteFideId "-1"]
[BlackFideId "-1"]
[PlyCount "123"]
[GameId "2130307554374562"]
[EventDate "2023.09.09"]
[EventType "swiss (rapid)"]
[EventRounds "9"]
[EventCountry "POL"]
[SourceTitle "10 Days #735"]
[Source "ChessMix "]
[SourceDate "2023.09.20"]
[SourceVersion "1"]
[SourceVersionDate "2023.09.20"]
[SourceQuality "1"]

1. e4 c5 2. Nf3 d6 3. c3 Nf6 4. e5 dxe5 5. Nxe5 a6 6. d4 e6 7. Bd3 Nbd7 8. O-O Bd6 9. Re1 O-O 10. Nd2 Nxe5 11. dxe5 Bxe5 12. Bxh7+ Nxh7 13. Rxe5 b6 14. Qe2 Ra7 15. Nf3 Rd7 16. Be3 Rd6 17. Rh5 Re8 18. Qc2 g6 19. Rh6 e5 20. h4 Kg7 21. Ng5 Nf8 22. Qb3 Be6 23. Qc2 Bf5 24. Qb3 Qd7 25. h5 f6 26. Rh8 Rd5 27. Nh7 c4 28. Qxb6 Nxh7 29. Rxe8 Qxe8 30. h6+ Kg8 31. Qxa6 Be6 32. b4 Rd3 33. b5 Nf8 34. b6 Qc6 35. Qa7 Rd7 36. Qb8 Bd5 37. Rd1 Rb7 38. Qd8 Rd7 39. h7+ Kxh7 40. Qxf8 g5 41. Qe8 Be6 42. Rxd7+ Bxd7 43. Qf7+ Kh6 44. b7 Qxb7 45. Qxf6+ Kh7 46. Qe7+ Kg6 47. Qxg5+ Kf7 48. Qxe5 Qb1+ 49. Kh2 Qxa2 50. Bd4 Qc2 51. Qg7+ Ke6 52. Qe5+ Kf7 53. Qf6+ Ke8 54. Bc5 Qh7+ 55. Kg3 Qg8+ 56. Kf4 Qg4+ 57. Ke5 Qh5+ 58. Kd6 Qh2+ 59. g3 Qh7 60. Kc7 Bc8+ 61. Kxc8 Qc7+ 62. Kxc7 1/2-1/2

[Event "Katowice POL, 10th POL-HUN Rapid"]
[Site "Katowice POL"]
[Date "2023.09.10"]
[Round "9.19"]
[White "Golubka, Petro"]
[Black "Smagacz, Dariusz"]
[Result "1-0"]
[WhiteElo "2439"]
[BlackElo "2110"]
[WhiteFideId "-1"]
[BlackFideId "-1"]
[PlyCount "99"]
[GameId "2130307554374611"]
[EventDate "2023.09.09"]
[EventType "swiss (rapid)"]
[EventRounds "9"]
[EventCountry "POL"]
[SourceTitle "10 Days #735"]
[Source "ChessMix "]
[SourceDate "2023.09.20"]
[SourceVersion "1"]
[SourceVersionDate "2023.09.20"]
[SourceQuality "1"]

1. e4 c5 2. Nf3 e6 3. d4 cxd4 4. Nxd4 Nf6 5. Nc3 d6 6. f4 a6 7. g4 e5 8. Nf5 g6 9. fxe5 gxf5 10. exf6 fxg4 11. Bg5 Rg8 12. Qd2 Be6 13. O-O-O Qa5 14. Bf4 Nc6 15. Kb1 O-O-O 16. Qf2 Rg6 17. Nd5 Bxd5 18. Rxd5 Qa4 19. Bd2 Bh6 20. Bc3 Qxe4 21. Bg2 Qe3 22. Qf5+ Qe6 23. Qd3 Qe3 24. Qc4 Qf2 25. Be4 Rxf6 26. Bxf6 Qxf6 27. Rf1 Qe7 28. Rdf5 Re8 29. Re1 f6 30. a4 Bg5 31. Rff1 Kc7 32. Bxc6 Qxe1+ 33. Rxe1 Rxe1+ 34. Ka2 bxc6 35. a5 Re5 36. b4 Rb5 37. Qf7+ Kb8 38. Qe8+ Ka7 39. Qd7+ Rb7 40. Qxd6 h5 41. Qxc6 h4 42. Qc5+ Kb8 43. Qd6+ Ka7 44. Qd4+ Kb8 45. Qxg4 Bd2 46. Qxh4 Bxb4 47. Qxf6 Bxa5 48. h4 Bc7 49. Qf8+ Ka7 50. h5 1-0

[Event "Allauch FRA, 5th Open"]
[Site "Allauch FRA"]
[Date "2023.08.28"]
[Round "1.1"]
[White "Golubka, Petro"]
[Black "Boghossian, Lucie"]
[Result "1-0"]
[WhiteElo "2421"]
[BlackElo "1715"]
[WhiteFideId "-1"]
[BlackFideId "-1"]
[PlyCount "55"]
[GameId "2129404705513960"]
[EventDate "2023.08.28"]
[EventType "swiss"]
[EventRounds "9"]
[EventCountry "FRA"]
[SourceTitle "10 Days #735"]
[Source "ChessMix "]
[SourceDate "2023.09.20"]
[SourceVersion "1"]
[SourceVersionDate "2023.09.20"]
[SourceQuality "1"]
[TimeControl "1"]

1. e4 {[%emt 0:00:00]} c5 {[%emt 0:00:00]} 2. Nf3 {[%emt 0:00:00]} e6 {[%emt 0:00:00]} 3. c3 {[%emt 0:00:00]} Nc6 {[%emt 0:00:00]} 4. d4 {[%emt 0:00:00]} cxd4 {[%emt 0:00:00]} 5. cxd4 {[%emt 0:00:00]} Nf6 {[%emt 0:00:00]} 6. Bd3 {[%emt 0:00:00]} d6 {[%emt 0:00:00]} 7. O-O {[%emt 0:00:00]} Be7 {[%emt 0:00:00]} 8. Nc3 {[%emt 0:00:00]} O-O {[%emt 0:00:00]} 9. Bf4 {[%emt 0:00:00]} Nh5 {[%emt 0:00:00]} 10. Be3 {[%emt 0:00:00]} e5 {[%emt 0:00:00]} 11. dxe5 {[%emt 0:00:00]} dxe5 {[%emt 0:00:00]} 12. Bb5 {[%emt 0:00:00]} Bf6 {[%emt 0:00:00]} 13. Bc5 {[%emt 0:00:00]} Qxd1 {[%emt 0:00:00]} 14. Rfxd1 {[%emt 0:00:00]} Rd8 {[%emt 0:00:00]} 15. Bxc6 {[%emt 0:00:00]} Rxd1+ {[%emt 0:00:00]} 16. Rxd1 {[%emt 0:00:00]} bxc6 {[%emt 0:00:00]} 17. Nxe5 {[%emt 0:00:00]} Bb7 {[%emt 0:00:00]} 18. Nxf7 {[%emt 0:00:00]} Kxf7 {[%emt 0:00:00]} 19. Rd7+ {[%emt 0:00:00]} Kg8 {[%emt 0:00:00]} 20. Rxb7 {[%emt 0:00:00]} Be5 {[%emt 0:00:00]} 21. Rxa7 {[%emt 0:00:00]} Rb8 {[%emt 0:00:00]} 22. Na4 {[%emt 0:00:00]} Nf4 {[%emt 0:00:00]} 23. Rd7 {[%emt 0:00:00]} Bxb2 {[%emt 0:00:00]} 24. Bd6 {[%emt 0:00:00]} Ne2+ {[%emt 0:00:00]} 25. Kf1 {[%emt 0:00:00]} Re8 {[%emt 0:00:00]} 26. f3 {[%emt 0:00:00]} Ra8 {[%emt 0:00:00]} 27. Nxb2 {[%emt 0:00:00]} Rxa2 {[%emt 0:00:00]} 28. Be5 {[%emt 0:00:00]} 1-0

[Event "Allauch FRA, 5th Open"]
[Site "Allauch FRA"]
[Date "2023.08.29"]
[Round "2.1"]
[White "Djoudi, Labir"]
[Black "Golubka, Petro"]
[Result "0-1"]
[WhiteElo "1821"]
[BlackElo "2421"]
[WhiteFideId "-1"]
[BlackFideId "-1"]
[PlyCount "104"]
[GameId "2129404705513968"]
[EventDate "2023.08.28"]
[EventType "swiss"]
[EventRounds "9"]
[EventCountry "FRA"]
[SourceTitle "10 Days #735"]
[Source "ChessMix "]
[SourceDate "2023.09.20"]
[SourceVersion "1"]
[SourceVersionDate "2023.09.20"]
[SourceQuality "1"]
[TimeControl "1"]

1. d4 {[%emt 0:00:00]} Nf6 {[%emt 0:00:00]} 2. c4 {[%emt 0:00:00]} g6 {[%emt 0:00:00]} 3. Nf3 {[%emt 0:00:00]} Bg7 {[%emt 0:00:00]} 4. g3 {[%emt 0:00:00]} b6 {[%emt 0:00:00]} 5. Bg2 {[%emt 0:00:00]} Bb7 {[%emt 0:00:00]} 6. Nc3 {[%emt 0:00:00]} O-O {[%emt 0:00:00]} 7. O-O {[%emt 0:00:00]} a5 {[%emt 0:00:00]} 8. Re1 {[%emt 0:00:00]} Ne4 {[%emt 0:00:00]} 9. Qd3 {[%emt 0:00:00]} Nxc3 {[%emt 0:00:00]} 10. Qxc3 {[%emt 0:00:00]} Be4 {[%emt 0:00:00]} 11. Bf4 {[%emt 0:00:00]} d6 {[%emt 0:00:00]} 12. Qe3 {[%emt 0:00:00]} Bb7 {[%emt 0:00:00]} 13. Bh6 {[%emt 0:00:00]} e6 {[%emt 0:00:00]} 14. h4 {[%emt 0:00:00]} Nd7 {[%emt 0:00:00]} 15. Bxg7 {[%emt 0:00:00]} Kxg7 {[%emt 0:00:00]} 16. Qg5 {[%emt 0:00:00]} a4 {[%emt 0:00:00]} 17. Qxd8 {[%emt 0:00:00]} Rfxd8 {[%emt 0:00:00]} 18. a3 {[%emt 0:00:00]} h6 {[%emt 0:00:00]} 19. Nd2 {[%emt 0:00:00]} Bxg2 {[%emt 0:00:00]} 20. Kxg2 {[%emt 0:00:00]} Rdb8 {[%emt 0:00:00]} 21. Rac1 {[%emt 0:00:00]} Kf6 {[%emt 0:00:00]} 22. Ne4+ {[%emt 0:00:00]} Ke7 {[%emt 0:00:00]} 23. Nc3 {[%emt 0:00:00]} c6 {[%emt 0:00:00]} 24. Rc2 {[%emt 0:00:00]} Ra5 {[%emt 0:00:00]} 25. e4 {[%emt 0:00:00]} g5 {[%emt 0:00:00]} 26. hxg5 {[%emt 0:00:00]} hxg5 {[%emt 0:00:00]} 27. Rh1 {[%emt 0:00:00]} g4 {[%emt 0:05:20]} 28. f4 {[%emt 0:00:00]} gxf3+ {[%emt 0:00:00]} 29. Kxf3 {[%emt 0:00:00]} Rg8 {[%emt 0:00:00]} 30. Ne2 {[%emt 0:00:00]} Rag5 {[%emt 0:00:00]} 31. Rh3 {[%emt 0:00:00]} Ra5 {[%emt 0:00:00]} 32. Ke3 {[%emt 0:00:00]} Rg7 {[%emt 0:00:00]} 33. Nf4 {[%emt 0:00:00]} Rag5 {[%emt 0:00:00]} 34. Rg2 {[%emt 0:00:00]} c5 {[%emt 0:00:00]} 35. Nd3 {[%emt 0:00:00]} cxd4+ {[%emt 0:00:00]} 36. Kxd4 {[%emt 0:00:00]} b5 {[%emt 0:00:00]} 37. Nb4 {[%emt 0:00:00]} bxc4 {[%emt 0:00:00]} 38. Kxc4 {[%emt 0:00:00]} Rc5+ {[%emt 0:00:00]} 39. Kd4 {[%emt 0:00:00]} Nf6 {[%emt 0:00:00]} 40. Nd3 {[%emt 0:00:00]} Rc6 {[%emt 0:00:00]} 41. Rh4 {[%emt 0:00:00]} Rg5 {[%emt 0:00:00]} 42. Nb4 {[%emt 0:00:00]} Rc1 {[%emt 0:00:00]} 43. Ke3 {[%emt 0:00:00]} Re1+ {[%emt 0:00:00]} 44. Kf3 {[%emt 0:00:00]} Rf1+ {[%emt 0:00:00]} 45. Ke2 {[%emt 0:00:00]} Rb1 {[%emt 0:00:00]} 46. Kf3 {[%emt 0:00:00]} Nd7 {[%emt 0:00:00]} 47. Kf4 {[%emt 0:00:00]} Rc5 {[%emt 0:00:00]} 48. g4 {[%emt 0:00:00]} Ne5 {[%emt 0:00:00]} 49. Rh5 {[%emt 0:00:00]} Rf1+ {[%emt 0:00:00]} 50. Kg3 {[%emt 0:00:00]} Rf3+ {[%emt 0:00:00]} 51. Kh2 {[%emt 0:00:00]} Nxg4+ {[%emt 0:00:00]} 52. Rxg4 {[%emt 0:00:00]} Rxh5+ {[%emt 0:00:00]} 0-1

[Event "Allauch FRA, 5th Open"]
[Site "Allauch FRA"]
[Date "2023.08.29"]
[Round "3.1"]
[White "Golubka, Petro"]
[Black "Derige Kane, Yan"]
[Result "0-1"]
[WhiteElo "2421"]
[BlackElo "2162"]
[WhiteFideId "-1"]
[BlackFideId "-1"]
[PlyCount "66"]
[GameId "2129404705513975"]
[EventDate "2023.08.28"]
[EventType "swiss"]
[EventRounds "9"]
[EventCountry "FRA"]
[SourceTitle "10 Days #735"]
[Source "ChessMix "]
[SourceDate "2023.09.20"]
[SourceVersion "1"]
[SourceVersionDate "2023.09.20"]
[SourceQuality "1"]
[TimeControl "1"]

1. e4 {[%emt 0:00:00]} c6 {[%emt 0:00:00]} 2. d4 {[%emt 0:00:00]} d5 {[%emt 0:00:00]} 3. e5 {[%emt 0:00:00]} Bf5 {[%emt 0:00:00]} 4. g4 {[%emt 0:00:00]} Be4 {[%emt 0:00:00]} 5. f3 {[%emt 0:00:00]} Bg6 {[%emt 0:00:00]} 6. e6 {[%emt 0:00:00]} fxe6 {[%emt 0:00:00]} 7. Nc3 {[%emt 0:00:00]} Qd6 {[%emt 0:00:00]} 8. f4 {[%emt 0:00:00]} Nf6 {[%emt 0:00:00]} 9. Bd3 {[%emt 0:00:00]} Bxd3 {[%emt 0:00:00]} 10. cxd3 {[%emt 0:00:00]} Na6 {[%emt 0:00:00]} 11. g5 {[%emt 0:00:00]} Nd7 {[%emt 0:00:00]} 12. Nf3 {[%emt 0:00:00]} g6 {[%emt 0:00:00]} 13. h4 {[%emt 0:00:00]} Bg7 {[%emt 0:00:00]} 14. Be3 {[%emt 0:00:00]} O-O-O {[%emt 0:00:00]} 15. Qd2 {[%emt 0:00:00]} Rhf8 {[%emt 0:00:00]} 16. O-O-O {[%emt 0:00:00]} Kb8 {[%emt 0:00:00]} 17. h5 {[%emt 0:00:00]} c5 {[%emt 0:00:00]} 18. hxg6 {[%emt 0:00:00]} hxg6 {[%emt 0:00:00]} 19. dxc5 {[%emt 0:00:00]} Ndxc5 {[%emt 0:00:00]} 20. d4 {[%emt 0:00:00]} Ne4 {[%emt 0:00:00]} 21. Nxe4 {[%emt 0:00:00]} dxe4 {[%emt 0:00:00]} 22. Nh4 {[%emt 0:00:00]} Nb4 {[%emt 0:00:00]} 23. Kb1 {[%emt 0:00:00]} Rc8 {[%emt 0:00:00]} 24. Rc1 {[%emt 0:00:00]} Nd3 {[%emt 0:00:00]} 25. Rxc8+ {[%emt 0:00:00]} Rxc8 {[%emt 0:00:00]} 26. Nxg6 {[%emt 0:00:00]} Bxd4 {[%emt 0:00:00]} 27. Bxd4 {[%emt 0:00:00]} Qxd4 {[%emt 0:00:00]} 28. Ne5 {[%emt 0:00:00]} Qd5 {[%emt 0:00:00]} 29. Nxd3 {[%emt 0:00:00]} e3 {[%emt 0:00:00]} 30. Qe1 {[%emt 0:00:00]} Qxd3+ {[%emt 0:00:00]} 31. Ka1 {[%emt 0:00:00]} e2 {[%emt 0:00:00]} 32. a3 {[%emt 0:00:00]} Rd8 {[%emt 0:00:00]} 33. Qa5 {[%emt 0:00:00]} Qd5 {[%emt 0:00:00]} 0-1